000 00851nam a2200217 i 4500
001 161024
003 ES-MaACL
005 20250902063111.0
008 970902q1885 sp a |||| | spa d
100 1 _aOpisso, Alfredo,
_d1847-1924
_987123
245 1 3 _aLa Revolución Francesa (1789-1795)
_b: estudios históricos : obra ilustrada con profusión de grabados /
_cAlfredo Opisso.
260 _aBarcelona :
_bRamón Molinas,
_c[1885?]
300 _a410 p. :
_bil. ;
_c25 cm.
490 1 _aBiblioteca de "La Ilustración Ibérica"
596 _aRamón Molinas ejerció ca. 1880-1900.
651 4 _aFrancia-
_xHistoria-
_y1789-1799, Revolución
_9241176
700 1 _aMolinas, Ramón.
_9130031
830 0 _aBiblioteca de "La Ilustración Ibérica"
_9187640
852 _aES-MaACL
_jG-14992
_z- Enc. tela grabada
999 _c161024
_d161024